| 000 | 00715nam a2200217 i 4500 | ||
|---|---|---|---|
| 001 | 125421 | ||
| 003 | ES-MaACL | ||
| 005 | 20250716062623.0 | ||
| 007 | t| | ||
| 008 | 070611s1928 fr ||||1| fre d | ||
| 080 | _a821.113.1-293"19" | ||
| 100 | 1 |
_aMéré, Charles. _980472 |
|
| 245 | 1 | 0 |
_aAngelo _b: Tyran de Padoue : drame lyrique en cinq actes / _ctiré du drame de Victor Hugo ; par Charles Méré ; musique de Alfred Bruneau. |
| 260 |
_aParis : _bHeugel, _c1928. |
||
| 300 |
_a84 p. ; _c18 cm. |
||
| 500 | _aBiblioteca Jacinto Martínez Lacalle. | ||
| 700 | 1 |
_aHugo, Victor, _d1802-1885 _964627 |
|
| 700 | 1 |
_aBruneau, Alfred. _932147 |
|
| 852 |
_aES-MaACL _jE-11657 _bR.139699 |
||
| 999 |
_c125421 _d125421 |
||